Normal view
MARC view
- Salter D. & Jennings F
Entry Personal Name
001 - CONTROL NUMBER
- control field: 191851
003 - CONTROL NUMBER IDENTIFIER
- control field: OSt
005 - DATE AND TIME OF LATEST TRANSACTION
- control field: 20230714213820.0
008 - FIXED-LENGTH DATA ELEMENTS
- fixed length control field: 230714|| aca||aabn | a|a d
040 ## - CATALOGING SOURCE
- Original cataloging agency: OSt
- Transcribing agency: OSt
100 ## - HEADING--PERSONAL NAME
- Personal name: Salter D. & Jennings F
670 ## - SOURCE DATA FOUND
- Source citation: Work cat.: (OSt)202970: Salter D., Building SOA-Based Composite Applications Using NetBeans IDE 6, 2011